1033 1655 1509 1585 1574 1912 1807 1485 1971 1585 1591 1222 1833 1793 1976 1270 1019 1073 1134 1566 1053 1082 1079 1751 1862 1195 1329 1523 1036 1470 1914 1020 1666 1461 1752 1508 1504 1665 1158 1635 1751 1472 1248 1242 1310 1296 1452 1156 1411 1919 1644 1968 1018 1732 1048 1197 1196 1879 1664 1729 1834 1197 1342 1404 1971 1916 1750 1763 1517 1945 1862 1365 1811 1503 1365 1448 1257 1484 1999 1353 1211 1585 1153 1729 1844 1236 1816 1764 1845 1101 1499 1408 1194 1357 1780 1163 1981 1953 1096 BCNSPRNW ULIB Ver.6.0+V

เปลี่ยนเป็นภาษาไทย

Change to English
 แสดงรายละเอียดบรรณานุกรม
  กลับหน้าหลัก

Brief Record : Get Marc (ISO 2709) : E-mail record : QR code < ปิดหน้าต่าง
LEADER : 00000nam 2200000uu 4500
001    13399112043
003     ULIB
008    110725s2549||||th 000 0 tha d
020    9749713664
020    9789749713662
050  4 H35^bส264ส 2549
100 0  สมพงษ์ ดุลยอนุกิจ
245 10 สังคมศาสตร์กับการพัฒนา /^cสมพงษ์ ดุลยอนุกิจ
250    พิมพ์ครั้งที่ 1
260    กรุงเทพฯ :^bโอเดียนสโตร์,^c2549
300    231 หน้า ;^c24 ซม.
650  7 การพัฒนาสังคม
650  7 สังคมศาสตร์
945    ^p150^l0^i023067
945    ^p150^l0^i023068
945    ^p150^l0^i023069
995    ทศพร
999 ^a ทศพร
รายการนี้ยังไม่มีแท็ก
คุณยังไม่ได้ล็อกอิน คุณสามารถมีกิจกรรมร่วมกับเว็บไซต์ได้ แต่ต้องล็อกอินก่อน ::
  ล็อกอิน

รายการสื่อสารสนเทศ

ลำดับที่ ประเภท เลขเรียก/บาร์โค้ด สถานที่ สถานะ
- ไม่พบข้อมูล -

รายการใกล้เคียง
    ผู้แต่ง [สมพงษ์ ดุลยอนุกิจ]

    หัวเรื่อง [การพัฒนาสังคม]
    หัวเรื่อง [สังคมศาสตร์]

BibComment


ยังไม่เคยถูกคอมเมนท์

คอมเมนท์ทรัพยากรรายการนี้
  คอมเมนท์: สังคมศาสตร์กับการ..


 Copyright 2026. Bcnsprnw @Library